[Event "2. Bundesliga Mitte 2016/2017"]
[Site "Leoben, Wolfsberg/Taufkirchen/Fuerstenfeld, Grieskirchen, St. Veit"]
[Date "2016.11.12"]
[Round "4"]
[Board "2"]
[White "Kilgus, Georg"]
[Black "Renner, Christoph"]
[Result "0-1"]
[WhiteElo "2391"]
[BlackElo "2343"]
[PlyCount "78"]
[EventDate "2016.10.07"]
[EventType "team"]
[EventRounds "11"]
[EventCountry "AUT"]
[WhiteTeam "Spg. Grieskirchen/Schallerbach"]
[BlackTeam "SPG Sauwald"]

1. Nf3 f5 2. g3 Nf6 3. Bg2 g6 4. O-O Bg7 5. c4 O-O 6. d4 d6 7. Nc3 c6 8. Re1
Na6 9. b3 Qa5 10. Bb2 e5 11. dxe5 dxe5 12. e4 f4 13. a3 Bg4 14. b4 Qc7 15. c5
Nh5 16. Qb3+ Kh8 17. Nb1 Bxf3 18. Bxf3 Rad8 19. Rd1 Rxd1+ 20. Bxd1 fxg3 21.
hxg3 Qd7 22. Be2 Nc7 23. Nc3 Qd4 24. Nd1 Qxe4 25. Qe3 Qd5 26. Nc3 Qb3 27. Qd2
Qf7 28. Ne4 Nd5 29. Kg2 Qe6 30. Rh1 Ndf6 31. Nd6 b6 32. Bc4 Nd5 33. Ne4 Ndf4+
34. gxf4 Qxc4 35. Nd6 Nxf4+ 36. Kg1 Qe6 37. f3 bxc5 38. bxc5 Qb3 39. Ne4 h6 0-1

[Event "2. Bundesliga Mitte 2016/2017"]
[Site "Leoben, Wolfsberg/Taufkirchen/Fuerstenfeld, Grieskirchen, St. Veit"]
[Date "2016.11.12"]
[Round "4"]
[Board "3"]
[White "Testor, Sebastian"]
[Black "Schwabeneder, Florian"]
[Result "0-1"]
[WhiteElo "2303"]
[BlackElo "2362"]
[PlyCount "112"]
[EventDate "2016.10.07"]
[EventType "team"]
[EventRounds "11"]
[EventCountry "AUT"]
[WhiteTeam "SPG Sauwald"]
[BlackTeam "Spg. Grieskirchen/Schallerbach"]

1. d4 Nf6 2. c4 e6 3. Nc3 Bb4 4. e3 b6 5. Nge2 Ba6 6. a3 Bxc3+ 7. Nxc3 d5 8.
cxd5 Bxf1 9. Kxf1 exd5 10. g3 O-O 11. Kg2 Nc6 12. b4 Qd7 13. Ra2 Ne7 14. b5 a6
15. bxa6 Rxa6 16. Qd3 Rfa8 17. a4 c5 18. Rd1 c4 19. Qb1 Ne4 20. Nxe4 dxe4 21.
Qxe4 Qd5 22. f3 Qxe4 23. fxe4 Rxa4 24. Rb2 Rb8 25. d5 Ra1 26. Rc2 b5 27. Rdd2
f6 28. e5 fxe5 29. Bb2 Ra2 30. Bxe5 Rxc2 31. Rxc2 Nxd5 32. Kf3 Re8 33. Bd4 Kf7
34. Ra2 Re7 35. Ra6 Rb7 36. Rd6 Ne7 37. Ke2 Nf5 38. Rc6 Nxd4+ 39. exd4 Ra7 40.
Ke3 Ra3+ 41. Ke4 Ra2 42. Rc5 Re2+ 43. Kd5 Rxh2 44. Rxb5 c3 45. Kc6 c2 46. Rc5
Rd2 47. d5 Ke7 48. g4 h6 49. Rc3 g6 50. Rc5 h5 51. gxh5 gxh5 52. Kc7 Rxd5 53.
Rxc2 Kf6 54. Kc6 Rd3 55. Kc5 h4 56. Kc4 Rd8 0-1

[Event "2. Bundesliga Mitte 2016/2017"]
[Site "Leoben, Wolfsberg/Taufkirchen/Fuerstenfeld, Grieskirchen, St. Veit"]
[Date "2016.11.12"]
[Round "4"]
[Board "4"]
[White "Singer, Christoph"]
[Black "Hellmayr, Alois"]
[Result "1-0"]
[WhiteElo "2333"]
[BlackElo "2202"]
[PlyCount "75"]
[EventDate "2016.10.07"]
[EventType "team"]
[EventRounds "11"]
[EventCountry "AUT"]
[WhiteTeam "Spg. Grieskirchen/Schallerbach"]
[BlackTeam "SPG Sauwald"]

1. e4 c5 2. Nf3 Nc6 3. Bb5 e6 4. c3 Nf6 5. d3 Be7 6. O-O O-O 7. Re1 d5 8. Nbd2
Qc7 9. Ba4 b6 10. Qe2 Ba6 11. e5 Nd7 12. Nf1 b5 13. Bc2 b4 14. c4 d4 15. h4 Bb7
16. Bg5 Rae8 17. N1h2 h6 18. Bf4 Qd8 19. h5 f6 20. exf6 Bxf6 21. Ng4 e5 22. Bg3
Re6 23. Ba4 e4 24. dxe4 Qe8 25. e5 Qxh5 26. Nxf6+ gxf6 27. Nxd4 Qxe2 28. Nxe2
fxe5 29. Nf4 Ree8 30. Nd5 Nb6 31. Bb5 Re6 32. Rad1 Rf5 33. Bh4 Kf7 34. Nxb6 Nd4
35. Nd5 Nxb5 36. cxb5 Rh5 37. Bg3 e4 38. Nf4 1-0

[Event "2. Bundesliga Mitte 2016/2017"]
[Site "Leoben, Wolfsberg/Taufkirchen/Fuerstenfeld, Grieskirchen, St. Veit"]
[Date "2016.11.12"]
[Round "4"]
[Board "5"]
[White "Hiermann, Dietmar"]
[Black "Lentrodt, Thomas"]
[Result "1/2-1/2"]
[WhiteElo "2238"]
[BlackElo "2232"]
[PlyCount "85"]
[EventDate "2016.10.07"]
[EventType "team"]
[EventRounds "11"]
[EventCountry "AUT"]
[WhiteTeam "SPG Sauwald"]
[BlackTeam "Spg. Grieskirchen/Schallerbach"]

1. e4 e6 2. d4 d5 3. Nc3 Nf6 4. e5 Nfd7 5. f4 c5 6. Nf3 Nc6 7. Be3 cxd4 8. Nxd4
Nxd4 9. Bxd4 Nb8 10. Qf3 Nc6 11. Bf2 Qa5 12. O-O-O Bb4 13. Kb1 a6 14. Ne2 Bc5
15. Nc1 Qb6 16. Bxc5 Qxc5 17. h4 Bd7 18. Nb3 Qb6 19. h5 O-O-O 20. c3 Rhf8 21.
Bd3 g6 22. Qe2 Kb8 23. Bc2 Rc8 24. Rh3 Rc7 25. Qd2 Ka7 26. hxg6 hxg6 27. Rh7
Be8 28. Nd4 Nxd4 29. Qxd4 Qxd4 30. Rxd4 Kb8 31. g4 f6 32. Rxc7 Kxc7 33. exf6
Rxf6 34. g5 Rf8 35. c4 Kd6 36. b4 Rh8 37. cxd5 exd5 38. Kb2 Rh2 39. Kc3 Rf2 40.
Bb3 Bf7 41. Kd3 Rh2 42. Ke3 Be6 43. Kf3 1/2-1/2

[Event "2. Bundesliga Mitte 2016/2017"]
[Site "Leoben, Wolfsberg/Taufkirchen/Fuerstenfeld, Grieskirchen, St. Veit"]
[Date "2016.11.12"]
[Round "4"]
[Board "6"]
[White "Salvenmoser, Stefan"]
[Black "Taggatz, Mario"]
[Result "1-0"]
[WhiteElo "2177"]
[BlackElo "2174"]
[PlyCount "127"]
[EventDate "2016.10.07"]
[EventType "team"]
[EventRounds "11"]
[EventCountry "AUT"]
[WhiteTeam "Spg. Grieskirchen/Schallerbach"]
[BlackTeam "SPG Sauwald"]

1. e4 e6 2. d4 d5 3. Nd2 dxe4 4. Nxe4 Bd7 5. Nf3 Bc6 6. Bd3 Nd7 7. Bg5 Be7 8.
Bxe7 Qxe7 9. O-O Ngf6 10. Ned2 O-O 11. Re1 Rad8 12. c3 Rfe8 13. Qe2 Bxf3 14.
Nxf3 Nf8 15. Rad1 Ng6 16. g3 a6 17. b4 a5 18. bxa5 Qa3 19. a6 bxa6 20. Bxa6
Qxc3 21. Rc1 Qa5 22. Bb5 Rf8 23. a4 Ne7 24. Rc5 Rd5 25. Rec1 Rxc5 26. Rxc5 Nfd5
27. Qe4 Qb4 28. Ne5 Nf6 29. Qd3 Rd8 30. Qc3 Rxd4 31. Qxb4 Rxb4 32. Rxc7 Nfd5
33. Rb7 g5 34. a5 Nc3 35. a6 Nxb5 36. a7 Nxa7 37. Rxb4 Nac6 38. Rb5 Nxe5 39.
Rxe5 h6 40. Kg2 Kg7 41. Ra5 Nd5 42. Kf3 Kg6 43. Ke4 Nf6+ 44. Kf3 Nd5 45. h3 f5
46. Ke2 h5 47. Ra8 g4 48. h4 Nc3+ 49. Kd2 Ne4+ 50. Ke3 Kf6 51. Ra2 Ke5 52. Rb2
Nf6 53. Kd3 f4 54. Re2+ Kf5 55. gxf4 Nd5 56. Re5+ Kxf4 57. Rxh5 Kf3 58. Rg5
Nf4+ 59. Kd4 Nh3 60. Rg8 Nxf2 61. h5 e5+ 62. Kxe5 g3 63. h6 Ng4+ 64. Rxg4 1-0

[Event "2. Bundesliga Mitte 2016/2017"]
[Site "Leoben, Wolfsberg/Taufkirchen/Fuerstenfeld, Grieskirchen, St. Veit"]
[Date "2016.11.12"]
[Round "4"]
[Board "1"]
[White "Weiss, Christian"]
[Black "Branding, Volker"]
[Result "1/2-1/2"]
[WhiteElo "2360"]
[BlackElo "2167"]
[PlyCount "88"]
[EventDate "2016.10.07"]
[EventType "team"]
[EventRounds "11"]
[EventCountry "AUT"]
[WhiteTeam "Union Ansfelden"]
[BlackTeam "SV Gmunden"]

1. c4 g6 2. Nc3 Bg7 3. g3 c5 4. Bg2 Nc6 5. e4 d6 6. d3 Nf6 7. Nge2 O-O 8. O-O
Rb8 9. h3 a6 10. Be3 Bd7 11. b3 b5 12. Rc1 Ne8 13. f4 Nd4 14. Qd2 a5 15. cxb5
Nxb5 16. d4 cxd4 17. Nxd4 Nxd4 18. Bxd4 Bxd4+ 19. Qxd4 Nc7 20. Rfd1 Bc6 21. Qf2
f6 22. Nd5 Bxd5 23. exd5 Na6 24. Re1 Nc5 25. Re3 Re8 26. g4 Rb4 27. Rce1 Qd7
28. Bf1 Qb7 29. Bc4 Qd7 30. Qd2 f5 31. gxf5 Qxf5 32. Rxe7 Rxe7 33. Rxe7 Rb7 34.
Rxb7 Nxb7 35. Qe3 Kf7 36. Qa7 Qd7 37. Kf2 Kf6 38. Qd4+ Kf7 39. Qa7 Qe7 40. Qe3
Qh4+ 41. Kg2 Nc5 42. Qd2 Ne4 43. Qe3 Nc5 44. Qd2 Ne4 1/2-1/2

[Event "2. Bundesliga Mitte 2016/2017"]
[Site "Leoben, Wolfsberg/Taufkirchen/Fuerstenfeld, Grieskirchen, St. Veit"]
[Date "2016.11.12"]
[Round "4"]
[Board "2"]
[White "Rolletschek, Heinrich"]
[Black "Felsberger, Alfred"]
[Result "0-1"]
[WhiteElo "2170"]
[BlackElo "2339"]
[PlyCount "74"]
[EventDate "2016.10.07"]
[EventType "team"]
[EventRounds "11"]
[EventCountry "AUT"]
[WhiteTeam "SV Gmunden"]
[BlackTeam "Union Ansfelden"]

1. e4 c5 2. Nf3 d6 3. d4 cxd4 4. Qxd4 Nc6 5. Bb5 Bd7 6. Bxc6 Bxc6 7. c4 Nf6 8.
Nc3 e6 9. b3 Be7 10. Bb2 O-O 11. O-O a6 12. Qd3 Rc8 13. Nd4 Qb6 14. Rac1 Rfd8
15. Kh1 Nd7 16. Qe3 Bf6 17. Rfd1 Ne5 18. f3 Nxc4 19. bxc4 Qxb2 20. Nxc6 Rxc6
21. e5 Bxe5 22. Qxe5 Qxc1 23. Qa5 b6 24. Qa4 Qxc3 25. Qxc6 Qc2 26. Rg1 Qxa2 27.
Qxb6 Rc8 28. Rc1 Qa3 29. Rd1 g6 30. Rxd6 Rxc4 31. Kg1 a5 32. Rxe6 Rc1+ 33. Kf2
fxe6 34. Qxe6+ Kf8 35. Qf6+ Ke8 36. Qh8+ Kd7 37. Qxh7+ Qe7 0-1

[Event "2. Bundesliga Mitte 2016/2017"]
[Site "Leoben, Wolfsberg/Taufkirchen/Fuerstenfeld, Grieskirchen, St. Veit"]
[Date "2016.11.12"]
[Round "4"]
[Board "3"]
[White "Knoll, Hermann"]
[Black "Haas, Michael"]
[Result "1/2-1/2"]
[WhiteElo "2329"]
[BlackElo "2046"]
[PlyCount "70"]
[EventDate "2016.10.07"]
[EventType "team"]
[EventRounds "11"]
[EventCountry "AUT"]
[WhiteTeam "Union Ansfelden"]
[BlackTeam "SV Gmunden"]

1. d4 e6 2. Nf3 Nf6 3. e3 Be7 4. Bd3 d5 5. Nbd2 b6 6. O-O Bb7 7. b3 O-O 8. Bb2
Nbd7 9. Ne5 Nxe5 10. dxe5 Ne4 11. f3 Nxd2 12. Qxd2 f6 13. f4 fxe5 14. fxe5 Bg5
15. Qe2 Qe7 16. Rf3 Rxf3 17. gxf3 c5 18. f4 Bh6 19. Qg4 Rf8 20. Rf1 Qd7 21. Rf3
c4 22. Bf1 cxb3 23. Rh3 Kh8 24. axb3 d4 25. Qd1 Qc6 26. Qxd4 Qxc2 27. Qd6 Re8
28. Bd4 Bd5 29. Qd7 Ra8 30. b4 Qe4 31. Bc3 Qg6+ 32. Rg3 Qc2 33. Qc7 Qe4 34. Bg2
Qb1+ 35. Bf1 Qe4 1/2-1/2

[Event "2. Bundesliga Mitte 2016/2017"]
[Site "Leoben, Wolfsberg/Taufkirchen/Fuerstenfeld, Grieskirchen, St. Veit"]
[Date "2016.11.12"]
[Round "4"]
[Board "4"]
[White "Topf, Christian"]
[Black "Windhager, Hannes"]
[Result "1/2-1/2"]
[WhiteElo "1992"]
[BlackElo "2167"]
[PlyCount "58"]
[EventDate "2016.10.07"]
[EventType "team"]
[EventRounds "11"]
[EventCountry "AUT"]
[WhiteTeam "SV Gmunden"]
[BlackTeam "Union Ansfelden"]

1. b3 Nf6 2. Bb2 g6 3. Bxf6 exf6 4. c4 f5 5. Nc3 Bg7 6. g3 Nc6 7. Bg2 O-O 8.
Nh3 d6 9. Rc1 Bd7 10. Nf4 Rb8 11. O-O Nd4 12. e3 Ne6 13. Nfe2 Re8 14. a4 a5 15.
h4 Nc5 16. Qc2 c6 17. d4 Na6 18. Qd2 Qb6 19. Rb1 Rbd8 20. Rfd1 Nb4 21. Nf4 h6
22. Nh3 Bc8 23. Kh2 Kh7 24. Ne2 Qc7 25. Rbc1 Qe7 26. Nef4 Qc7 27. Ne2 Qe7 28.
Nef4 Qc7 29. Ne2 Qe7 1/2-1/2

[Event "2. Bundesliga Mitte 2016/2017"]
[Site "Leoben, Wolfsberg/Taufkirchen/Fuerstenfeld, Grieskirchen, St. Veit"]
[Date "2016.11.12"]
[Round "4"]
[Board "5"]
[White "Mostbauer, Maximilian"]
[Black "Holzleithner, Johannes"]
[Result "1/2-1/2"]
[WhiteElo "2102"]
[BlackElo "2006"]
[PlyCount "60"]
[EventDate "2016.10.07"]
[EventType "team"]
[EventRounds "11"]
[EventCountry "AUT"]
[WhiteTeam "Union Ansfelden"]
[BlackTeam "SV Gmunden"]

1. d4 Nf6 2. Nf3 d5 3. c4 c6 4. Nc3 dxc4 5. a4 Bf5 6. e3 e6 7. Bxc4 Bb4 8. O-O
O-O 9. Qe2 Re8 10. e4 Bg4 11. Rd1 Qc7 12. Bg5 Nbd7 13. Rac1 h6 14. Bxf6 Nxf6
15. e5 Nd5 16. Bxd5 Bxc3 17. Bxe6 Bxf3 18. Qxf3 Bxb2 19. Rb1 Rxe6 20. Rxb2 Rd8
21. g3 Rd7 22. Rdb1 b6 23. Qe4 Qd8 24. Rd1 Rd5 25. f4 c5 26. Rbd2 Re7 27. Kf2
Red7 28. Ke3 Qc7 29. dxc5 Qxc5+ 30. Ke2 Rxd2+ 1/2-1/2

[Event "2. Bundesliga Mitte 2016/2017"]
[Site "Leoben, Wolfsberg/Taufkirchen/Fuerstenfeld, Grieskirchen, St. Veit"]
[Date "2016.11.12"]
[Round "4"]
[Board "6"]
[White "Brandl, Michael"]
[Black "Mostbauer, Florian"]
[Result "0-1"]
[WhiteElo "1924"]
[BlackElo "2283"]
[PlyCount "68"]
[EventDate "2016.10.07"]
[EventType "team"]
[EventRounds "11"]
[EventCountry "AUT"]
[WhiteTeam "SV Gmunden"]
[BlackTeam "Union Ansfelden"]

1. Nc3 d5 2. e4 c6 3. d4 dxe4 4. Nxe4 Nd7 5. Nf3 Ngf6 6. Ng3 c5 7. c3 Qc7 8.
Be2 e6 9. O-O Bd6 10. Be3 O-O 11. Nd2 b6 12. Bf3 Bb7 13. Rc1 Nd5 14. Nde4 Nxe3
15. fxe3 Bxe4 16. Bxe4 Bxg3 17. hxg3 Rad8 18. Qh5 f5 19. Bd3 Qxg3 20. Rf3 Qg6
21. Qh4 Nf6 22. Rg3 Qh5 23. Qf4 Qf7 24. Rh3 g6 25. Kf2 e5 26. Qh4 h5 27. Ke2
Ng4 28. Qg5 Qf6 29. Rxh5 Qxg5 30. Rxg5 Kg7 31. Bxf5 Rxf5 32. Rxg4 Rdf8 33. Kd3
Rf2 34. Rc2 c4+ 0-1

[Event "2. Bundesliga Mitte 2016/2017"]
[Site "Leoben, Wolfsberg/Taufkirchen/Fuerstenfeld, Grieskirchen, St. Veit"]
[Date "2016.11.12"]
[Round "4"]
[Board "1"]
[White "Fahrner, Kurt"]
[Black "Huber, Martin Christian"]
[Result "0-1"]
[WhiteElo "2276"]
[BlackElo "2412"]
[PlyCount "134"]
[EventDate "2016.10.07"]
[EventType "team"]
[EventRounds "11"]
[EventCountry "AUT"]
[WhiteTeam "ESV Austria Graz"]
[BlackTeam "Schachfreunde Graz"]

1. d4 Nf6 2. Bf4 g6 3. Nf3 Bg7 4. h3 O-O 5. e3 d6 6. Be2 c5 7. c3 Qb6 8. Qb3
Be6 9. Qxb6 axb6 10. a3 Nc6 11. Nbd2 Rfc8 12. O-O cxd4 13. exd4 Na5 14. Rfe1
Kf8 15. Bd3 Nd5 16. Bg5 h6 17. Bh4 Nf4 18. Bc2 g5 19. Bg3 Nh5 20. Bh2 b5 21.
Rad1 Nf6 22. Kf1 Nc4 23. Nxc4 bxc4 24. h4 Ra5 25. Ra1 Rc6 26. hxg5 hxg5 27. Ng1
Rb6 28. Ra2 Rab5 29. Rb1 Bf5 30. Bxf5 Rxf5 31. Re1 g4 32. a4 Bh6 33. Bg3 Bg5
34. f3 Nh5 35. Bf2 d5 36. Re5 Rxe5 37. dxe5 Rh6 38. fxg4 Nf4 39. Nf3 Rg6 40.
Be3 Ne6 41. Nxg5 Nxg5 42. a5 Ne4 43. Ra4 Ra6 44. Ke2 Ke8 45. Bb6 Kd7 46. Ra1
Ke6 47. Rb1 Kxe5 48. Ke3 Ra8 49. b3 cxb3 50. Rxb3 Kd6 51. Kd3 Kc6 52. Rb1 Nd6
53. g5 Rg8 54. Be3 Nc4 55. Rf1 Rg7 56. Bd4 Rxg5 57. Rxf7 Rxg2 58. Rf2 Rxf2 59.
Bxf2 Nxa5 60. Kd4 Nc4 61. Bg3 e5+ 62. Bxe5 Nxe5 63. Kxe5 Kc5 64. Ke6 Kc4 65.
Kd6 Kxc3 66. Kxd5 b5 67. Kc5 b4 0-1

[Event "2. Bundesliga Mitte 2016/2017"]
[Site "Leoben, Wolfsberg/Taufkirchen/Fuerstenfeld, Grieskirchen, St. Veit"]
[Date "2016.11.12"]
[Round "4"]
[Board "2"]
[White "Schnider, Gert"]
[Black "Karner, Christoph"]
[Result "1-0"]
[WhiteElo "2404"]
[BlackElo "2283"]
[PlyCount "109"]
[EventDate "2016.10.07"]
[EventType "team"]
[EventRounds "11"]
[EventCountry "AUT"]
[WhiteTeam "Schachfreunde Graz"]
[BlackTeam "ESV Austria Graz"]

1. e4 c5 2. Nf3 d6 3. Bb5+ Bd7 4. Bxd7+ Qxd7 5. c4 Nc6 6. Nc3 g6 7. d4 cxd4 8.
Nxd4 Bg7 9. Be3 Nf6 10. f3 O-O 11. O-O a6 12. a4 Qc7 13. b3 e6 14. Rc1 Nd7 15.
Rf2 Nb4 16. Na2 Nxa2 17. Rxa2 Ne5 18. Rd2 Rfd8 19. Kh1 h6 20. f4 Nc6 21. f5 Qe7
22. fxg6 fxg6 23. Qg4 Nxd4 24. Bxd4 Bxd4 25. Rxd4 Kg7 26. Rcd1 b5 27. axb5 axb5
28. cxb5 Rab8 29. Qe2 Qd7 30. Qb2 Kg8 31. Rxd6 Qxd6 32. Rxd6 Rxd6 33. h4 Kf7
34. Qf2+ Ke8 35. Qg3 Kd7 36. Qxg6 Rxb5 37. Qh7+ Kc6 38. Qxh6 Rxb3 39. Kh2 Rb5
40. Qh8 Kc7 41. Kh3 Rc6 42. h5 Rc1 43. Qg7+ Kc6 44. Qg6 Rh1+ 45. Kg4 Kd6 46. h6
Rg1 47. g3 Rb3 48. Kh3 Rb2 49. e5+ Kc5 50. Qxe6 Rh1+ 51. Kg4 Rxh6 52. Qe7+ Kd5
53. Qd8+ Kc5 54. Qf8+ Kd5 55. Qf3+ 1-0

[Event "2. Bundesliga Mitte 2016/2017"]
[Site "Leoben, Wolfsberg/Taufkirchen/Fuerstenfeld, Grieskirchen, St. Veit"]
[Date "2016.11.12"]
[Round "4"]
[Board "4"]
[White "Kravanja, Georg"]
[Black "Spindelboeck, Gernot"]
[Result "0-1"]
[WhiteElo "2246"]
[BlackElo "2296"]
[PlyCount "87"]
[EventDate "2016.10.07"]
[EventType "team"]
[EventRounds "11"]
[EventCountry "AUT"]
[WhiteTeam "Schachfreunde Graz"]
[BlackTeam "ESV Austria Graz"]

1. d4 Nf6 2. c4 e6 3. g3 d5 4. Nf3 Be7 5. Bg2 O-O 6. O-O dxc4 7. Qc2 a6 8. Qxc4
b5 9. Qc2 Bb7 10. Bd2 Bd6 11. b4 Be4 12. Qb2 Nc6 13. Nc3 Bxf3 14. Bxf3 Nxd4 15.
Bxa8 Qxa8 16. Be3 Be5 17. Bxd4 Bxd4 18. Rad1 e5 19. Qb3 Re8 20. a4 Qc6 21. Rc1
Qd7 22. Kg2 h5 23. axb5 axb5 24. h4 Qc6+ 25. f3 Qb7 26. e4 c6 27. Ne2 Bb6 28.
Rfd1 Re6 29. Rd3 Kh7 30. Qc2 Qc7 31. Qb3 Nd7 32. Rcd1 Nf8 33. Ng1 Rg6 34. Ne2
Kh8 35. Rh1 Ne6 36. Rf1 c5 37. bxc5 Nxc5 38. Qxb5 Nxd3 39. Qxd3 Qc5 40. Rc1
Qf2+ 41. Kh3 Be3 42. Rg1 Qxf3 43. Rg2 Rg4 44. Kh2 0-1

[Event "2. Bundesliga Mitte 2016/2017"]
[Site "Leoben, Wolfsberg/Taufkirchen/Fuerstenfeld, Grieskirchen, St. Veit"]
[Date "2016.11.12"]
[Round "4"]
[Board "5"]
[White "Schrittwieser, Herbert"]
[Black "Domarkaite, Laima"]
[Result "1-0"]
[WhiteElo "2165"]
[BlackElo "2123"]
[PlyCount "77"]
[EventDate "2016.10.07"]
[EventType "team"]
[EventRounds "11"]
[EventCountry "AUT"]
[WhiteTeam "ESV Austria Graz"]
[BlackTeam "Schachfreunde Graz"]

1. Nf3 d5 2. g3 Nf6 3. Bg2 e6 4. O-O Be7 5. c4 O-O 6. b3 c6 7. Bb2 b6 8. d4 a5
9. Nc3 Ba6 10. Ne5 Nfd7 11. Nxd7 Nxd7 12. cxd5 cxd5 13. Rc1 Nf6 14. a4 Bb4 15.
Nb5 Rc8 16. Rxc8 Qxc8 17. Qd3 Qd7 18. Rc1 Rc8 19. Rxc8+ Qxc8 20. e3 Qc6 21. f3
Ne8 22. Bf1 Nd6 23. Kf2 f5 24. h4 h6 25. Be2 Bxb5 26. axb5 Qc7 27. Qd1 g5 28.
hxg5 hxg5 29. Bd3 Kg7 30. Kg2 Ne8 31. e4 Kf6 32. Qe2 Qd7 33. exf5 exf5 34. Qe5+
Kg6 35. g4 Ng7 36. Kh3 Bd2 37. gxf5+ Nxf5 38. Kg4 Kh6 39. Qf6+ 1-0

[Event "2. Bundesliga Mitte 2016/2017"]
[Site "Leoben, Wolfsberg/Taufkirchen/Fuerstenfeld, Grieskirchen, St. Veit"]
[Date "2016.11.12"]
[Round "4"]
[Board "6"]
[White "Teuschler, Barbara"]
[Black "Preck, Helmut"]
[Result "1-0"]
[WhiteElo "2212"]
[BlackElo "2043"]
[PlyCount "59"]
[EventDate "2016.10.07"]
[EventType "team"]
[EventRounds "11"]
[EventCountry "AUT"]
[WhiteTeam "Schachfreunde Graz"]
[BlackTeam "ESV Austria Graz"]

1. e4 e6 2. d4 d5 3. Nc3 dxe4 4. Nxe4 Nd7 5. Nf3 Be7 6. Bd3 Ngf6 7. Qe2 b6 8.
Ne5 Nxe5 9. dxe5 Nxe4 10. Bxe4 Rb8 11. O-O Bb7 12. Bxb7 Rxb7 13. Qg4 g6 14. Rd1
Qc8 15. Bh6 c5 16. Qf4 Bf8 17. Bg5 Be7 18. Bf6 Bxf6 19. exf6 h6 20. Rd6 g5 21.
Qd2 Rb8 22. Rd1 O-O 23. h4 Kh7 24. hxg5 Rg8 25. Qe2 Rxg5 26. R1d3 Qg8 27. f4
Rf5 28. Rd7 Rxf6 29. Qe5 Qg6 30. Qxb8 1-0

[Event "2. Bundesliga Mitte 2016/2017"]
[Site "Leoben, Wolfsberg/Taufkirchen/Fuerstenfeld, Grieskirchen, St. Veit"]
[Date "2016.11.12"]
[Round "4"]
[Board "1"]
[White "Horvath, Adam"]
[Black "Freitag, Manfred"]
[Result "1-0"]
[WhiteElo "2478"]
[BlackElo "2386"]
[PlyCount "91"]
[EventDate "2016.10.07"]
[EventType "team"]
[EventRounds "11"]
[EventCountry "AUT"]
[WhiteTeam "RbEJ Gleisdorf"]
[BlackTeam "SPG Spk. Fuerstenfeld/Hartberg"]

1. e4 c5 2. Nf3 d6 3. d4 cxd4 4. Nxd4 Nf6 5. Nc3 g6 6. Be3 Bg7 7. f3 O-O 8. Qd2
Nc6 9. O-O-O d5 10. Kb1 Nxd4 11. e5 Nf5 12. exf6 Bxf6 13. Nxd5 Qxd5 14. Qxd5
Nxe3 15. Qd2 Nxd1 16. Qxd1 Be6 17. Bb5 a6 18. Ba4 Rfd8 19. Qc1 Rd4 20. Bb3 Bxb3
21. axb3 Rad8 22. Qe3 R8d6 23. f4 h5 24. f5 Kg7 25. fxg6 fxg6 26. Qf3 b5 27.
Re1 Rd2 28. b4 R6d4 29. Re4 Rxe4 30. Qxe4 h4 31. h3 Rd4 32. Qe1 Kf7 33. c3 Rd5
34. Kc2 Re5 35. Qf2 g5 36. Kb3 Re4 37. Qb6 Re2 38. Qxa6 Rxg2 39. Qxb5 Rg3 40.
Qd5+ e6 41. Qd7+ Be7 42. b5 g4 43. b6 gxh3 44. b7 Rg8 45. Qc7 Kf6 46. Qf4+ 1-0

[Event "2. Bundesliga Mitte 2016/2017"]
[Site "Leoben, Wolfsberg/Taufkirchen/Fuerstenfeld, Grieskirchen, St. Veit"]
[Date "2016.11.12"]
[Round "4"]
[Board "2"]
[White "Poetz, Florian"]
[Black "Wegerer, Fred"]
[Result "1-0"]
[WhiteElo "2385"]
[BlackElo "2077"]
[PlyCount "133"]
[EventDate "2016.10.07"]
[EventType "team"]
[EventRounds "11"]
[EventCountry "AUT"]
[WhiteTeam "SPG Spk. Fuerstenfeld/Hartberg"]
[BlackTeam "RbEJ Gleisdorf"]

1. e4 e5 2. Nf3 Nc6 3. Bb5 Nf6 4. d3 Bc5 5. c3 Qe7 6. O-O O-O 7. d4 Bb6 8. Re1
d6 9. Bxc6 bxc6 10. Bg5 h6 11. Bh4 Qe6 12. Nbd2 Nh7 13. Qa4 exd4 14. Nxd4 Qg4
15. Bg3 c5 16. N4f3 Be6 17. Nc4 Rfe8 18. Nfd2 Bd7 19. Qc2 Qg6 20. a4 a6 21.
Nxb6 cxb6 22. Nc4 Bxa4 23. Rxa4 b5 24. Nxd6 bxa4 25. Nxe8 Rxe8 26. Qxa4 Re6 27.
f3 Rb6 28. Qe8+ Nf8 29. Rd1 Qe6 30. Qxe6 Nxe6 31. Rd2 a5 32. Kf1 a4 33. Ke2 c4
34. f4 Rb3 35. Kd1 a3 36. bxa3 Rxa3 37. f5 Nc5 38. Rd8+ Kh7 39. e5 Rxc3 40. Rc8
Ne4 41. e6 fxe6 42. fxe6 Rd3+ 43. Kc1 Re3 44. e7 Nf6 45. Bd6 Re4 46. h3 Kg6 47.
Kb2 h5 48. g3 Kf5 49. Ka3 Re6 50. Bb4 Re4 51. Ka4 g5 52. Rf8 Re3 53. Bc3 Rxe7
54. Rxf6+ Ke4 55. Kb4 Kd3 56. Rf3+ Ke4 57. Rf8 Kd3 58. Rd8+ Ke3 59. Rd5 g4 60.
Rxh5 gxh3 61. Rxh3 Kd3 62. g4+ Ke4 63. g5 Kd5 64. g6 Rb7+ 65. Ka5 Rb1 66. g7
Rg1 67. Rh8 1-0

[Event "2. Bundesliga Mitte 2016/2017"]
[Site "Leoben, Wolfsberg/Taufkirchen/Fuerstenfeld, Grieskirchen, St. Veit"]
[Date "2016.11.12"]
[Round "4"]
[Board "3"]
[White "Frosch, Ronald"]
[Black "Kuba, Guenter"]
[Result "1-0"]
[WhiteElo "2273"]
[BlackElo "2329"]
[PlyCount "101"]
[EventDate "2016.10.07"]
[EventType "team"]
[EventRounds "11"]
[EventCountry "AUT"]
[WhiteTeam "RbEJ Gleisdorf"]
[BlackTeam "SPG Spk. Fuerstenfeld/Hartberg"]

1. d4 f5 2. Nf3 g6 3. e3 Nf6 4. c4 Bg7 5. Nc3 d6 6. Be2 O-O 7. O-O a5 8. Qc2
Na6 9. Rd1 c6 10. a3 Qe8 11. Bd2 Nc7 12. Na4 Nd7 13. b4 axb4 14. axb4 e5 15.
dxe5 dxe5 16. Bc3 Bf6 17. Rd2 e4 18. Nd4 Qe7 19. Rad1 h5 20. h3 h4 21. Qb3 Qf7
22. Bb2 Rb8 23. Qc2 Qe7 24. b5 c5 25. b6 Na6 26. Nb5 Ne5 27. Nac3 Nb4 28. Qb3
Be6 29. Nc7 Ned3 30. Bxd3 exd3 31. N7d5 Bxd5 32. Nxd5 Nxd5 33. cxd5 Qd6 34.
Bxf6 Rxf6 35. Rb1 f4 36. Qxd3 f3 37. Qe4 fxg2 38. Qxh4 Rf5 39. Qg3 Qxg3 40.
fxg3 Rf3 41. Rc1 Rxg3 42. Rxc5 Rxe3 43. d6 Rd8 44. Rc7 Rxh3 45. Rxb7 Rb3 46.
Kxg2 g5 47. Rd5 g4 48. Rg5+ Kf8 49. Rg6 g3 50. Rh7 Rb2+ 51. Kxg3 1-0

[Event "2. Bundesliga Mitte 2016/2017"]
[Site "Leoben, Wolfsberg/Taufkirchen/Fuerstenfeld, Grieskirchen, St. Veit"]
[Date "2016.11.12"]
[Round "4"]
[Board "4"]
[White "Stradner, Stefan"]
[Black "Manhardt, Thomas"]
[Result "0-1"]
[WhiteElo "2168"]
[BlackElo "2226"]
[PlyCount "102"]
[EventDate "2016.10.07"]
[EventType "team"]
[EventRounds "11"]
[EventCountry "AUT"]
[WhiteTeam "SPG Spk. Fuerstenfeld/Hartberg"]
[BlackTeam "RbEJ Gleisdorf"]

1. Nf3 f5 2. d3 d6 3. Nc3 e5 4. e4 c5 5. Bg5 Be7 6. Bxe7 Nxe7 7. exf5 Bxf5 8.
Be2 Nbc6 9. O-O O-O 10. Ne4 Ng6 11. Ng3 Be6 12. Nd2 Nd4 13. c3 Nxe2+ 14. Qxe2
Nf4 15. Qe3 Qh4 16. Ne2 Bd5 17. f3 Qh6 18. Nxf4 exf4 19. Qf2 Rae8 20. Ne4 Re5
21. Qd2 Rh5 22. h3 Qg6 23. Kh1 Be6 24. Nf2 Rh4 25. Rae1 Bf5 26. d4 c4 27. Ng4
Bxg4 28. fxg4 Qxg4 29. Qe2 Qxe2 30. Rxe2 f3 31. Rxf3 Rxf3 32. gxf3 Rxh3+ 33.
Kg2 Rh5 34. b3 cxb3 35. axb3 Kf7 36. c4 Rg5+ 37. Kf2 Rh5 38. Kg3 Rf5 39. d5 Re5
40. Ra2 a6 41. Ra4 Re7 42. Kf4 Kf6 43. Rb4 h5 44. Rb6 g5+ 45. Kg3 Ke5 46. Rb4
Kd4 47. Kf2 h4 48. Kg2 Kc5 49. Ra4 Re2+ 50. Kh3 Rf2 51. Kg4 Rg2+ 0-1